Catálogo público

Producción de leche de vacas con diferente porcentaje de genes bos taurus en el trópico mexicano / (Record no. 168388)

MARC details
000 -CABECERA
campo de control de longitud fija 00865nam a2200277Ia 4500
001 - NÚMERO DE CONTROL
campo de control Z_5322
003 - IDENTIFICADOR DEL NÚMERO DE CONTROL
campo de control CHAP
008 - DATOS DE LONGITUD FIJA--INFORMACIÓN GENERAL
campo de control de longitud fija 220113s2005 xx 000 0 und d
010 ## - NÚMERO DE CONTROL DE LA BIBLIOTECA DEL CONGRESO
Número de control de LC 168388
040 ## - FUENTE DE LA CATALOGACIÓN
Centro/agencia transcriptor CHAP
090 ## - LOCALMENTE ASIGNADO TIPO-LC NÚMERO DE CLASIFICACIÓN (OCLC); NÚMERO DE CLASIFICACIÓN LOCAL (RLIN)
Número de clasificación (OCLC) (R) ; Numero de clasificación, CALL (RLIN) (NR) Tesis G 1916
100 ## - ENTRADA PRINCIPAL--NOMBRE DE PERSONA
Nombre de persona García Carreón, Rafael
9 (RLIN) 45827
245 ## - MENCIÓN DE TÍTULO
Título Producción de leche de vacas con diferente porcentaje de genes bos taurus en el trópico mexicano /
Mención de responsabilidad, etc. Rafael García Carreón
260 ## - PUBLICACIÓN, DISTRIBUCIÓN, ETC.
Lugar de publicación, distribución, etc. Chapingo, Méx. :
Nombre del editor, distribuidor, etc. El autor,
Fecha de publicación, distribución, etc. 2005
300 ## - DESCRIPCIÓN FÍSICA
Extensión 60 h.
502 ## - NOTA DE TESIS
Nota de tesis Tesis (Mestro en Ciencias Esp. en Producción Animal) -- UACH. Departamento de Zootecnia
650 ## - PUNTO DE ACCESO ADICIONAL DE MATERIA--TÉRMINO DE MATERIA
Término de materia o nombre geográfico como elemento de entrada Ganado vacuno
Subdivisión general
-- Genética
9 (RLIN) 142683
650 ## - PUNTO DE ACCESO ADICIONAL DE MATERIA--TÉRMINO DE MATERIA
Término de materia o nombre geográfico como elemento de entrada Ganado vacuno
Subdivisión general
-- Trópicos
9 (RLIN) 142684
650 ## - PUNTO DE ACCESO ADICIONAL DE MATERIA--TÉRMINO DE MATERIA
Término de materia o nombre geográfico como elemento de entrada Leche
Subdivisión general
-- Producción
9 (RLIN) 140608
901 ## - ELEMENTOS DE DATOS A LOCAL LDA (RLIN)
a TESIS G 1916
902 ## - ELEMENTOS DE DATOS B LOCAL, LDB (RLIN)
a M
910 ## - DATOS DE OPCIÓN DEL USUARIO (OCLC)
Datos de opción del usuario 2005
942 ## - ELEMENTOS DE PUNTO DE ACCESO ADICIONAL (KOHA)
Tipo de ítem Koha Tesis_
942 ## - ELEMENTOS DE PUNTO DE ACCESO ADICIONAL (KOHA)
Tipo de ítem Koha Tesis_
Holdings
Estado de retiro Estado de pérdida Estado dañado No para préstamo Localización permanente Ubicación/localización actual Ubicación en estantería Fecha de adquisición Información codificada de la localización en otra ubicación Total de préstamos Código de barras Fecha visto por última vez Número de copia Precio válido a partir de Tipo de ítem Koha Nota pública
        Zootecnia Zootecnia   20/01/2006 2   z_T 2768 18/01/2022 1 18/01/2022 Tesis_ 3
        Zootecnia Zootecnia   20/01/2006 2   z_T 2803 18/01/2022 2 18/01/2022 Tesis_ 3